000 00552nam a2200181Ia 4500
003 GCL
008 140319s9999 xx 000 0 ara d
040 _aGCL /
_cGCL
082 0 4 _a823.03
_bش ج
100 1 _aشارلوت برونتى
245 1 0 _aجين اير /
_cشارلوت برونتى
260 _aالقاهرة :
_bدار الهلال للطباعة والنشر ،
_c1993
300 _a298 ص
490 _a
650 0 4 _aالقصص الانجليزية المترجمة
650 0 4 _aالادب الانجليزى
942 _2ddc
_cBK
999 _c31296
_d31296